000 00491nam a2200181Ia 4500
999 _c29675
_d29675
003 OSt
005 20201120095924.0
008 190216s9999||||xx |||||||||||||| ||und||
020 _a9788126423491
040 _coclc
082 _a894.8123
_bAJA/K
100 _aAjayakumar, K C
_96795
245 0 _aKalidasan /
_cK C Ajayakumar
260 _bDc Books,
_c2010.
_a Kottayam:
300 _a268p
650 _aNovel
942 _cBK
_2ddc
_h894.8123
_iAJA/K
_k894.8123
_mAJA/K